Fábulas / (Registro nro. 2871)

Detalles MARC
000 -LEADER
fixed length control field 01141nam a2200205 a 4500
008 - CAMPO DE CONTROL (LIBRO)
fixed length control field 190917e1964 sp |||g |||| 001 0 spa d
020 ## - INTERNATIONAL STANDARD BOOK NUMBER
ISBN S/D
041 ## - CODIGO DE IDIOMA
Código de idioma del texto/pista de sonido o título separado spa
092 ## - SIGNATURA TOPOGRAFICA DEWEY LOCAL
número de clasificación 808
libristica 77
sección SAM
100 1# - ENTRADA PRINCIPAL--NOMBRE PERSONAL
Nombre personal Samaniego, Félix Maria
9 (RLIN) 4029
245 ## - TITULO PROPIAMENTE DICHO
Título Fábulas /
Mención de responsabilidad y remanente de la transcripción de la portada Félix Maria Samaniego
250 ## - MENCION DE EDICION
Mención de edición 4a ed.
260 ## - PIE DE IMPRENTA
Lugar de publicación, distribución, etc Madrid:
Nombre de la editorial, distribuidor, etc Espasa Calpe;
Fecha de publicación 1964.
300 ## - DESCRIPCION FISICA
Extension 157 p.
500 ## - NOTA GENERAL
Nota general Samaniego, F. M. (1964). Fábulas. (4a ed.). Madrid : Espasa Calpe.
505 ## - NOTA DE CONTENIDO
Nota de contenido formateada Muchos son los sabios, de diferentes siglos y naciones, que han inspirado al renombre de fabulistas; pero muy pocos los que han hecho esta carrera felizmente. Este conocimiento debiera haberme retraído del arduo empeño de meterme a contar fábulas en verso castellano. Así hubiera sido; pero permítame el público protestar con sinceridad, en mi abono, que en esta empresa no ha tenido parte mi elección. Es puramente obra de mi pronta obediencia, debida a una persona, en quien respeto unidas las calidades de tío, maestro y jefe.
590 ## - NOTAS LOCALES (RLIN)
Nota local Proyecto 4to libro, Donación Constanzo Juan Carlos, marzo 2019
655 ## - MATERIA - GENERO/FORMA
Género/Forma Literatura
-- 2917
942 ## - ADDED ENTRY ELEMENTS (KOHA)
Source of classification or shelving scheme Dewey Decimal Classification
Item type LITERATURA
Existencias
Estado de retiro Existencia Fuente de clasificación Estado general No para prestamo Ubicación permanente ubicación actual Sala de ubicación Fecha de adquisición Fuente de adquisición Total Checkouts Número de clasificación Código de barras Date last seen Número de ejemplar Price effective from Koha tipo de elemento (item) Public note
    Dewey Decimal Classification     Biblioteca Medicina Biblioteca Medicina Circulación 06/03/2019 Donación Constanzo, Juan Carlos, marzo 2019   808 77 SAM 4404 06/03/2019 Ej. 1 06/03/2019 LITERATURA Proyecto 4to libro. Donación Constanzo Juan Carlos, marzo 2019

UNIVERSIDAD NACIONAL DEL COMAHUE
Biblioteca de la Facultad de Ciencias Médicas
Sede Toschi: Los Arrayanes y Av. Toschi, Cipolletti  - Rio Negro
Sede Los Tordos:  Yrigoyen al 2211, Cipolletti - Rio Negro 

Teléfono: 0299 - 4774707 int 25
Contacto: biblioteca@facimed.uncoma.edu.ar
© 2011 - 2026